Nové trendy v riadení nákladov - ABM metóda

Strategická dôležitosť nákladového manažmentu. Nástroje strategického nákladového manažmentu. Koncept a ciele ABM - Activity based management. Výhody metódy ABM. Pre koho je metóda ABM určená. Dvojdimenzionálny model ABC/ABM. Redukcia nákladov pomocou kalkulácií ABM.

Salvato in:
Dettagli Bibliografici
Autore principale: Serina, Pavol
Natura: Capitolo di libro
Lingua:slovacco
Soggetti:
Tags: Aggiungi Tag
Nessun Tag, puoi essere il primo ad aggiungerne!!

MARC

LEADER 00000nla$a2200000$$$4500
001 0109162
005 20240502072215.5
041 0 |a slo 
044 |a SK 
245 1 0 |a Nové trendy v riadení nákladov - ABM metóda  |c Pavol Serina 
520 |a Strategická dôležitosť nákladového manažmentu. Nástroje strategického nákladového manažmentu. Koncept a ciele ABM - Activity based management. Výhody metódy ABM. Pre koho je metóda ABM určená. Dvojdimenzionálny model ABC/ABM. Redukcia nákladov pomocou kalkulácií ABM. 
610 2 0 |a náklady 
610 2 0 |a kalkulácia nákladov 
610 2 0 |a riadenie 
610 2 0 |a manažment 
610 2 0 |a metódy riadenia 
610 2 0 |a efektívnosť 
610 2 0 |a objednávky 
610 2 0 |a zákazníci 
610 2 0 |a dodávatelia 
610 2 0 |a procesy podnikové 
100 1 |a Serina, Pavol